000 00394nam a2200133Ia 4500
008 260210s9999 xx 000 0 und d
024 _a11B-074-BS & 11B-082-BS
082 _a004.072 SYE
100 _aSyeda Khadijah Nawaz & Waqar Rasheed
245 0 _aMy Scrum Master
260 _aKarachi:
_bUITU,
_c2011
600 _aComputer Science
650 _aBachelor of Computer Science (BS)
999 _c32349
_d32349